Biggest Cities in the British Isles by Region - Statistics

General Stats
  • This quiz has been taken 112 times
  • The average score is 16 of 25
Answer Stats
Country Pop City % Correct
Scotland 520 K Edinburgh
100%
England 10.6 M London
100%
Scotland 1.0 M Glasgow
99%
England 2.7 M Manchester
99%
Northern Ireland 336 K Belfast
98%
England 2.6 M Birmingham
98%
Wales 467 K Cardiff
97%
Ireland 1.2 M Dublin
96%
England 1.8 M Leeds
93%
Scotland 211 K Aberdeen
86%
Ireland 208 K Cork
83%
Northern Ireland 85.0 K Derry/Londonderry
82%
Wales 308 K Swansea
82%
Scotland 158 K Dundee
72%
Ireland 94.2 K Limerick
62%
Ireland 79.9 K Galway
60%
Wales 316 K Newport
47%
Ireland 53.5 K Waterford
41%
England 900 K Southampton
36%
Northern Ireland 63.0 K Bangor
32%
Wales 65.4 K Wrexham
30%
Scotland 125 K Motherwell
8%
Northern Ireland 66.8 K Newtownabbey
2%
Wales 65.2 K Buckley
1%
Northern Ireland 70.3 K Craigavon
0%
No matching quizzes found
Score Distribution
Percent of People with Each Score
Percentile by Number Answered
Your Score History
You have not taken this quiz